=LDR 00000nam 2200000 4500 =001 INLIS000000000006376 =005 20130612094521 =008 ***********************************Ind** =035 ##$$0010-061300000006376 =041 ##$$a Ind =082 ##$$a 613.7046 =090 ##$$a 613.7046, Kir y =100 ##$$a Kirschner, M.J =245 ##$$a Yoga untuk kesehatan =260 ##$$a 1997 $b Bandung =300 ##$$a 175 hlm., Ilus., 21 cm =650 ##$$a Yoga-Kesehatan =850 ##$$a NBPNMAT